000 00340nam a2200145Ia 4500
008 191201s2002 xx 000 0 und d
082 _a621.3
_bSAE
100 _aSALIVAHAVAN, S
245 0 _aElectronic Devices and Circuits
250 _a14th
260 _aN.Delhi
_bTMH
_c2002
300 _a705
650 _aB.Tech(ECE)
942 _2ddc
_cBK
999 _c2135
_d2135